Responses for show #4518 - Wednesday, April 7, 2004

Chris Miller game 5.

Contestants

[<< previous game]

Diana Wynne, a writer and producer from San Francisco, California

Glenn Howes, a software engineer from Nashua, New Hampshire

Chris Miller, a retail specialist from Louisville, Kentucky (whose 4-day cash winnings total $111,196)

[next game >>]

Jeopardy! Round responses

PIECES OF APRIL
NAME THE OLYMPIC SPORT
WHERE AM I?
CIGARETTE LORE
PEOPLE
(Alex: News stories from the magazine's 30 years.)
"P" & "P"
    $200 12
Paul Revere

Diana
    $200 6
boxing

Chris
    $200 25
(Alex: Minute to go.)

Venice

Chris
    $200 26
Joe Camel

Chris
    $200 13
Prince William

Diana
    $200 1
pajama party

Glenn
    $400 20
(Chris: Who is Billy the Kid?)

Jesse James

ChrisDiana
    $400 7
pole vault

Chris
    $400 24
(Glenn: What is London?)
(Diana: What is Athens?)

Berlin (the Brandenburg Gate)

ChrisGlennDiana
    $400 27
(Glenn: What are the fixins?)

rolling papers

GlennDiana
    $400 14
Patty Hearst

Chris
    $400 2
(Diana: What is petit pois?)
(Alex: Petit pois is "small peas".)

petit point

Diana
Triple Stumper
    $600 10
Casey Jones

Chris
    $600 8
luge

Chris
    $600 17
(Donna: What is Florence?)
...
(Alex: The "Leaning Tower".)

Pisa

Diana
Triple Stumper
    $600 28
Carmen

Chris
    $600 15
cold fusion

Chris
    $600 3
Paisley Park

Chris
    $2,200 21
Gutenberg Bible

Diana
    $800 9
volleyball

Diana
    $800 18
(Chris: What is Providence?)

Newport

ChrisDiana
    $800 29
Kaiser Wilhelm

Chris
    $800 16
(Gianni) Versace

Diana
    $800 4
penny pincher

Chris
    $1000 22
(Diana: What is the 9th?)

"Eroica"

Diana
Triple Stumper
    $1000 11
rhythmic gymnastics

Glenn
    $1000 19
Memphis

Chris
    $1000 30
Faberge

Chris
    $1000 23
(Glenn: What is parathion?)

malathion

Glenn
Triple Stumper
    $1000 5
priming the pump

Glenn

Scores at the first commercial break (after clue 16):

Chris Glenn Diana
$4,200 $2,200 $1,600

Scores at the end of the Jeopardy! Round:

Chris Glenn Diana
$7,200 $400 $3,400

Double Jeopardy! Round responses

BALLET
FILMS OF THE '50s
IT'S A GAS
ANIMALS, ANIMALS, ANIMALS
MYTH, ALL "O", GEE!
BACKWORDS
(Alex: Each clue will contain the correct response in a backward way.)
    $400 29
the Beach Boys

Chris
    $400 30
All About Eve

Diana
    $400 1
nitrous oxide

Glenn
    $400 20
Bunny

Diana
    $400 14
Olympus

Chris
    $400 6
golf (for flog)

Glenn
    $800 28
Maria Tallchief

Chris
    $800 11
(Brigitte) Bardot

Diana
    $800 2
methane

Chris
    $800 27
Catfish Row

Diana
    $800 16
Odysseus

Chris
    $800 7
Eton (for note)

Diana
    $1200 25
(Alex: Less than a minute now, Diana.)

premiere dancer

Triple Stumper
    $1200 8
Tracy & Hepburn

Glenn
    $1200 3
carbon dioxide

Glenn
    $1200 26
See No Evil, Speak No Evil & Hear No Evil

Glenn
    $1200 17
Orpheus

Glenn
    $1200 9
lager (for regal)

Triple Stumper
    $1600 24
Ballet Russe de Monte Carlo

Triple Stumper
    $1600 12
Paths of Glory

Triple Stumper
    $1600 4
helium

Chris
    $1600 22
(Chris: What is a turtle?)

goat

Chris
Triple Stumper
    $1600 18
Oberon

Chris
    $1600 10
rood (for door)

Diana
    $2000 23
The White Oak Dance Project

Triple Stumper
    $2000 13
The End of the Affair

Triple Stumper
    $1,600 5
(Chris: What is nitrogen?)

acetylene

Chris
    $2000 21
(Diana: What are boats?)

teddy bears

Diana
Triple Stumper
    $1,800 19
Osiris

Chris
    $2000 15
rennet (for tenner)

Chris

Scores at the end of the Double Jeopardy! Round:

Chris Glenn Diana
$14,200 $6,000 $6,200
(lock game)

[wagering suggestions for these scores]

Final Jeopardy! Round responses

NOVELS
(Alex: And under our new rules, you get to come back; you don't get to say goodbye today, so we'll see you tomorrow!)
GlennWhat is Dracula?
$6,000
DianaWhat is Dracula?
$6,000
ChrisWhat is War and Peace?
$1,799
Dracula

Final scores:

Chris Glenn Diana
$12,401 $12,000 $12,200
5-day champion: $123,597 3rd place: $1,000 2nd place: $2,000

Game dynamics:

Coryat scores:

Chris Glenn Diana
$16,000 $6,000 $4,800
24 R
(including 1 DD),
4 W
(including 1 DD)
9 R,
3 W
14 R
(including 1 DD),
5 W

Combined Coryat: $26,800

The J! Archive is created by fans, for fans. The Jeopardy! game show and all elements thereof, including but not limited to copyright and trademark thereto, are the property of Jeopardy Productions, Inc. and are protected under law. This website is not affiliated with, sponsored by, or operated by Jeopardy Productions, Inc. Join the discussion at JBoard.tv.